000 00369 a2200157 4500
001 60257
020 _a
040 _cAnchieta - Pituba
100 _aLe Boulch, Jean
240 1 0 _aO desenvolvimento psicomotor
_lpor
245 1 0 _aO desenvolvimento psicomotor
300 _a220
362 0 _a1982
650 4 _aPsicologia infantil / do desenvolvimento
942 _cBK
999 _c60257
_d60257